Welcome to WEB OPAC of MRSPTU Central Library

Applied Physics-I (Record no. 7676)

MARC details
000 -LEADER
fixed length control field 00357nam a2200157Ia 4500
008 - FIXED-LENGTH DATA ELEMENTS--GENERAL INFORMATION
fixed length control field 230711s9999||||xx |||||||||||||| ||und||
041 ## - LANGUAGE CODE
Language code of text/sound track or separate title ENG
082 ## - DEWEY DECIMAL CLASSIFICATION NUMBER
Classification number 530
Item number BA-E
100 ## - MAIN ENTRY--PERSONAL NAME
Personal name Banwal,R.A
245 #0 - TITLE STATEMENT
Title Applied Physics-I
250 ## - EDITION STATEMENT
Edition statement 1st Ed.
260 ## - PUBLICATION, DISTRIBUTION, ETC.
Date of publication, distribution, etc. 1993
Place of publication, distribution, etc. Jalandhar
Name of publisher, distributor, etc. Eagles Prakashan Regd
300 ## - PHYSICAL DESCRIPTION
Extent 464p.
650 ## - SUBJECT ADDED ENTRY--TOPICAL TERM
Topical term or geographic name entry element Physics
942 ## - ADDED ENTRY ELEMENTS (KOHA)
Koha item type Book
Holdings
Withdrawn status Lost status Damaged status Not for loan Collection Home library Current library Date acquired Cost, normal purchase price Total checkouts Full call number Barcode Date last seen Date last checked out Price effective from Koha item type
          MRSPTU Central Library MRSPTU Central Library   258.00 2 530 BA-E PW450 04/29/2026 09/15/2025 08/17/2023 Book
          MRSPTU Central Library MRSPTU Central Library   258.00   530 BA-E PW451 08/17/2023   08/17/2023 Book
          MRSPTU Central Library MRSPTU Central Library   258.00   530 BA-E PW452 08/17/2023   08/17/2023 Book
          MRSPTU Central Library MRSPTU Central Library   258.00   530 BA-E PW453 08/17/2023   08/17/2023 Book
          MRSPTU Central Library MRSPTU Central Library   258.00   530 BA-E PW454 08/17/2023   08/17/2023 Book
          MRSPTU Central Library MRSPTU Central Library   258.00   530 BA-E PW455 08/17/2023   08/17/2023 Book
          MRSPTU Central Library MRSPTU Central Library   258.00   530 BA-E PW456 08/17/2023   08/17/2023 Book
          MRSPTU Central Library MRSPTU Central Library   258.00   530 BA-E PW457 08/17/2023   08/17/2023 Book
          MRSPTU Central Library MRSPTU Central Library   258.00   530 BA-E PW458 08/17/2023   08/17/2023 Book
          MRSPTU Central Library MRSPTU Central Library   258.00   530 BA-E PW459 08/17/2023   08/17/2023 Book

Website Designed and Developed by MRSPTU Central Library Team

E-mail Id: librarian@mrsptu.ac.in